E-station pre MOD systém

Gespeichert in:
Bibliographische Detailangaben
1. Verfasser: Jurčišin, Adam (Verfasst von)
Weitere Verfasser: Kunštár, Vladimír (Betreuung Doktorarbeit)
Format: Manuskript Buch
Sprache:Slowakisch
Veröffentlicht: 2025
Schlagworte:
Online-Zugang:http://is.stuba.sk/zp/portal_zp.pl?podrobnosti=168952
Tags: Tag hinzufügen
Keine Tags, Fügen Sie das erste Tag hinzu!

MARC

LEADER 00000ntm a22000003a 4500
001 stuzp102903
003 SK-STU
005 20250614211744.9
007 ta
008 150427s2015----xo-----f-mn---000-0-slo-d
040 |a STU  |b slo 
041 0 |a slo 
100 1 |a Jurčišin, Adam  |u 070400  |4 aut  |U FIIT Fakulta informatiky a informačných technológií  |T FIIT Ústav počítačového inžinierstva a aplikovanej informatiky  |X 116203  |U I400  |Y 672  |7 116203 
242 0 1 |a E-station for MOD system  |y eng 
245 1 0 |a E-station pre MOD systém 
260 |c 2025 
650 4 |a Data synchronization  |2 eng 
650 4 |a Web application  |2 eng 
650 4 |a MOD system  |2 eng 
650 4 |a Synchronizácia dát  |2 slo 
650 4 |a Webová aplikácia  |2 slo 
650 4 |a MOD systém  |2 slo 
700 1 |a Kunštár, Vladimír  |u 070400  |k Z8  |4 ths  |U FIIT Fakulta informatiky a informačných technológií  |T FIIT Ústav počítačového inžinierstva a aplikovanej informatiky  |X 64527  |U I400  |Y 672  |7 A000064527 
856 4 |u http://is.stuba.sk/zp/portal_zp.pl?podrobnosti=168952